Greater India Countries - Statistics

General Stats
  • This quiz has been taken 112 times
  • The average score is 9 of 12
Answer Stats
Country % Correct
China
90%
Indonesia
87%
Myanmar
85%
Malaysia
84%
Cambodia
83%
Thailand
82%
Vietnam
82%
Laos
81%
Singapore
81%
Brunei
65%
Afghanistan
61%
Philippines
54%
No matching quizzes found
Score Distribution
Percent of People with Each Score
Percentile by Number Answered
Your Score History
You have not taken this quiz